|
|
|
|
| LEADER |
01377nam a2200385 a 4500 |
| 001 |
000041431 |
| 003 |
16945 |
| 005 |
20201209095034.0 |
| 008 |
171030s2003 |
| 020 |
|
|
|c 28000
|
| 041 |
0 |
|
|a eng
|
| 082 |
1 |
4 |
|a 428.24076
|b JA-V
|
| 100 |
1 |
|
|a Jakeman, Vanessa.
|
| 245 |
0 |
0 |
|a Insight into IELTS extra :
|b with answers /
|c Vanessa Jakeman and Clare McDowell ; Lê Huy Lâm giới thiệu và chú giải.
|
| 260 |
|
|
|a Tp.HCM :
|b Nxb Tp.HCM,
|c 2003.
|
| 300 |
|
|
|a 195p. ;
|c 23.5cm.
|
| 440 |
|
0 |
|a Tài liệu luyện thi IELTS.
|
| 630 |
0 |
4 |
|a English language.
|
| 630 |
0 |
4 |
|a Foreign speakers.
|
| 630 |
0 |
4 |
|a International English language Testing system.
|
| 650 |
0 |
4 |
|a International English Language Testing System
|v Study guides.
|
| 650 |
0 |
4 |
|a Regression analysis.
|
| 650 |
0 |
4 |
|a English language
|x Textbooks for foreign speakers.
|
| 700 |
1 |
|
|a McDowell, Clare.
|
| 700 |
1 |
|
|a Lê Huy Lâm,
|e giới thiệu và chú giải.
|
| OWN |
|
|
|a LNN
|
| 902 |
|
|
|a TKA
|
| AVA |
|
|
|a UDN50
|b LNN
|c English
|e available
|t Error 5001 Not defined in file expand_doc_bib_avail.
|f 3
|g 0
|h N
|i 0
|j AN
|
| 999 |
|
|
|a From the UDN01
|
| AVA |
|
|
|a UDN50
|b LNN
|c English
|e available
|t Error 5001 Not defined in file expand_doc_bib_avail.
|f 3
|g 0
|h N
|i 0
|j AN
|
| TYP |
|
|
|a Monograph
|
| TYP |
|
|
|a Printed language
|
| 980 |
|
|
|a Mạng thư viện Đại học Đà Nẵng
|